Modelado, simulación y control de un motor de corriente continua
Guardado en:
| Hovedforfatter: | |
|---|---|
| Format: | Bog |
| Udgivet: |
[San José, Costa Rica]
2004
|
| Fag: | |
| Tags: |
Tilføj Tag
Ingen Tags, Vær først til at tagge denne postø!
|
MARC
| LEADER | 00000nam a2200000Ia 4500 | ||
|---|---|---|---|
| 003 | 009324 | ||
| 005 | 20221231144139.0 | ||
| 008 | 140114s2004 cr a m 000 ||s d | ||
| 040 | |c cru CEDI | ||
| 090 | |a TFG 4863 | ||
| 100 | |a Sánchez Moraga, Rebeca |9 3175 | ||
| 245 | |a Modelado, simulación y control de un motor de corriente continua | ||
| 260 | |c 2004 |a [San José, Costa Rica] | ||
| 300 | |a xv, 95, 16 hojas : ilustraciones a color | ||
| 500 | |a Proyecto de graduación (bachillerato en ingeniería eléctrica)--Universidad de Costa Rica. Facultad de Ingeniería. Escuela de Ingeniería Eléctrica | ||
| 650 | |x CONTROL AUTOMATICO |x CONTROLADORES LOGICOS PROGRAMABLES |x MOTORES ELECTRICOS DE CORRIENTE CONTINUA |x SIMULACION POR COMPUTADORAS DIGITALES |x SERVOMECANISMOS |9 6527 | ||
| 942 | |c TFG | ||
| 999 | |c 17570 |d 17570 | ||
